| 000 | 00679nam a2200277Ia 4500 | ||
|---|---|---|---|
| 001 | Z_2964 | ||
| 003 | CHAP | ||
| 008 | 220113s1996 xx 000 0 und d | ||
| 010 | _a166050 | ||
| 020 | _a0-85198-738-9 | ||
| 040 | _cCHAP | ||
| 082 | _a636.5 E8 | ||
| 100 |
_aEtches, Robert J. _938583 |
||
| 245 |
_aReproduction in poultry / _cby Robert J. Etches |
||
| 260 |
_aOxon : _bC.A.B. International, _c1996 |
||
| 300 |
_a318 p. : _bilus. |
||
| 503 | _a190331 | ||
| 650 |
_aAves de corral _xReproducción _98680 |
||
| 650 |
_aInseminación artificial _958964 |
||
| 901 | _a636.5 E8 | ||
| 902 | _aM | ||
| 910 | _a1996 | ||
| 942 | _c1 | ||
| 942 | _cc1 | ||
| 999 |
_c166050 _d166050 |
||